00866cam a2200241 a 450000100100000000500170001000800410002704000250006808200230009310000390011624500380015525000120019326000330020530000210023849000410025958600340030065000280033465000310036283000480039391000340044195201340047599900150060900000121620200929145517.0790308s1968 sp 000 f spa c aDO-SdBNPcNSbSUdDLC a863.6bR763p, 19681 aRomero, Emilio.d[1917-2003]9415313aLa paz empieza nunca :bnovela /. a13a ed. aBarcelona :bPlaneta,c1968. a411 p. ;c20 cm.1 aAutores españoles contemporáneos aPremio editorial planeta 1957 4aNovela española91123 4aLiteratura española9632 0aAutores españoles contemporáneos.94154 aCatalogación por copia / LC 001052758DSaBNPHUbBNPHUcHDd2009-09-04iLF1l0o863.6 R763p, 1968p1216-10r2020-06-25w2020-06-25yLF1ZPréstamo interno c1164d1164